000 01286naa a2200301 c 4500
001 46924
003 ES-MaCES
005 20220810113729.0
008 160107s2015 sp ||||| t||||||| ||spa d
040 _aES-MaCES
_bspa
_cES-MaCES
_dES-MaCES
100 1 _aBelzunegui Eraso, Ángel
_97474
245 1 0 _aTrayectorias educativas inacabadas
_b: los problemas de los jóvenes con discapacidad para continuar estudios = Unfinished education : the problems disabled young people have to continue studying
_cAngel Belzunegui Eraso, Xavier Puig Andreu
500 _aResumen
650 4 _929678
_ajoven con discapacidad
650 4 _928689
_apersona con discapacidad
650 4 _927441
_aestudiante
650 4 _927437
_aabandono de estudios
650 4 _927448
_anivel educativo
650 4 _929278
_apreparación para una carrera
650 4 _929672
_adiscriminación contra personas con discapacidad
650 4 _930629
_aexclusión social
650 4 _928889
_aanálisis estadístico
653 1 0 _aAsuntos Sociales
700 1 _935006
_aPuig Andreu, Xavier
773 0 _983631
_dMadrid (Fuencarral, 127, 28010) Fundación Sistema
_o086533
_tSistema
_w(ES-MaCES)25730
_gn. 240 (oct. 2015) {10278 R. 086533} ;p. 81-100
902 _aART Artículo de revista
942 _2CES
_cAR
_h3.3.
999 _c46924
_d46924